000 00717nam a2200205 a 4500
001 BRCA_281
005 20190320202938.0
008 300508s1975----mx-a---###---#000-0#spa-#
050 4 _aND3044
_b.T53 1975
245 1 0 _aLos tlacuilos de Fray Diego Durán
_cprólogo y textos de Gonzalo Obregón.
260 _aMéxico
_bCartón y Papel de México
_c1975
300 _a30 p.
_bil., láminas
_c31 cm.
600 1 4 _aFray Diego Durán
_d1537-1588
_9944
650 1 4 _aManuscritos mexicanos
_xIlustración
_ySiglo XVI
_9945
650 1 4 _aMiniaturas
_ySiglo XVI
_zMéxico
_9946
650 1 4 _aLibros de cronistas
_y1559-1580
_zMéxico
_9947
653 0 _aCronistas - Nueva España
700 1 _aObregón, Gonzalo
_9811
942 _2lcc
_cB
999 _c226
_d226